Jordan Country Quiz - Statistics

General Stats
  • This quiz has been taken 29 times
  • The average score is 12 of 16
Answer Stats
Hint Answer % Correct
Main Religion Islam
100%
Main Language Arabic
96%
Capital Amman
92%
Borders Iraq
92%
Borders Saudi Arabia
92%
Borders Syria
92%
Main Ally United States
92%
Borders Israel
88%
Independent Since 1946
84%
Former Part of United Kingdom
72%
Number of Governates 12
68%
Currency Jordanian Dinar
68%
Form of Government Monarchy
68%
Current Leader Abdullah II
56%
Global Firepower Rating (out of 145) 75
12%
Main Export Fertilizer
0%
No matching quizzes found
Score Distribution
Percent of People with Each Score
Percentile by Number Answered
Your Score History
You have not taken this quiz